000 00468ntaaa2200181 4500
003 01
005 20251027202829.0
008 0714s1973 ag 01
040 _aAR-BaBN
_bspa
_cAR-BaBN
_eaacr
_dRIC
082 _a922.0000 Ch44
100 _aChiniquy, Charles
_928915
245 _aForty years in the Church of Christ
250 _a1 ed.
260 _aLondon :
_bHodder and Stoughton,
_cc1900
300 _a498 p
650 _abiografĂ­a-Chiniquy
_928916
942 _cBK
999 _c23706
_d23706